=LDR 00000nam 2200000 4500 =001 INLIS000000000044588 =005 20131008110231 =008 ***********************************Ind** =035 ##$$0010-101300000002510 =041 ##$$a Ind =082 ##$$a 364.132 =090 ##$$a 364.132 , Raf t =100 ##$$a Rafi', Abu Fida' =245 ##$$a Terapi Penyakit Korupsi , dengan tazkiyatun , Abu Fida' Abdur Rafi' =260 ##$$a 2006 $b Jakarta =300 ##$$a 185 , 21 cm =850 ##$$a NBPNMAT =990 ##$$a 0001/BPAP-NTB/20142015